সাহিত্য ও সমালোচনার রূপ-রীতি / (Record no. 48352)
[ view plain ]
| 000 -LEADER | |
|---|---|
| fixed length control field | 01034nam a2200241 a 4500 |
| 001 - CONTROL NUMBER | |
| control field | 48352 |
| 003 - CONTROL NUMBER IDENTIFIER | |
| rucl marc code | BD-RjUL |
| 005 - DATE AND TIME OF LATEST TRANSACTION | |
| control field | 20211209054516.0 |
| 008 - FIXED-LENGTH DATA ELEMENTS--GENERAL INFORMATION | |
| fixed length control field | 160813s2003 ii ||||| b||| 001 0 ben d |
| 020 ## - INTERNATIONAL STANDARD BOOK NUMBER | |
| International Standard Book Number | 8129500914 |
| Terms of availability | : Tk. 100.00 |
| 035 ## - SYSTEM CONTROL NUMBER | |
| System control number | (BD-RjUL)48471 |
| 040 ## - CATALOGING SOURCE | |
| Original cataloging agency | BD-RjUL |
| Language of cataloging | ben |
| Transcribing agency | BD-RjUL |
| 041 ## - LANGUAGE CODE | |
| Language code of text/sound track or separate title | ben |
| 082 ## - DEWEY DECIMAL CLASSIFICATION NUMBER | |
| Edition number | 23 |
| Classification number | 891.4409 |
| Author mark and year | MAS 2003 |
| 100 ## - MAIN ENTRY--PERSONAL NAME | |
| Personal name | মজুমদার, উজ্জ্বলকুমার |
| 9 (RLIN) | 146354 |
| 245 10 - TITLE STATEMENT | |
| Title | সাহিত্য ও সমালোচনার রূপ-রীতি / |
| Statement of responsibility, etc. | উজ্জ্বলকুমার মজুমদার |
| 260 ## - PUBLICATION, DISTRIBUTION, ETC. (IMPRINT) | |
| Place of publication, distribution, etc. | কলকাতা : |
| Name of publisher, distributor, etc. | দে'জ পাবলিশিং, |
| Date of publication, distribution, etc. | ২০০৩ |
| 300 ## - PHYSICAL DESCRIPTION | |
| Pagination | ২৫৬ পৃ. ; |
| Size | ১৯ সেমি |
| 504 ## - BIBLIOGRAPHY, ETC. NOTE | |
| Bibliography, etc | গ্রন্থপঞ্জি ও নির্ঘণ্ট সংযুক্ত |
| 650 ## - SUBJECT ADDED ENTRY--TOPICAL TERM | |
| Topical term or geographic name as entry element | বাংলা সাহিত্য |
| General subdivision | ইতিহাস ও সমালোচনা |
| 9 (RLIN) | 146355 |
| Topical term or geographic name as entry element | Benhali Literature |
| General subdivision | History and Criticism |
| 9 (RLIN) | 146356 |
| 942 ## - ADDED ENTRY ELEMENTS (KOHA) | |
| Source of classification or shelving scheme | Dewey Decimal Classification |
| Koha item type | Books |
| Lost status | Source of classification or shelving scheme | Damaged status | Not for loan | Collection code | Permanent Location | Current Location | Shelving location | Date acquired | Source of acquisition | Cost, normal purchase price | Total Checkouts | Full call number | Date last seen | Date checked out | Copy number | Koha item type |
|---|---|---|---|---|---|---|---|---|---|---|---|---|---|---|---|---|
| Dewey Decimal Classification | Non-fiction | Central Library, University of Rajshahi | Central Library, University of Rajshahi | 12/05/2008 | Paragogn Enterprise, Dhaka | 100.00 | 7 | B 891.4409 MAS 2003 | 02/03/2026 | 26/02/2026 | C-2 | Books | ||||
| Dewey Decimal Classification | Non-fiction | Central Library, University of Rajshahi | Central Library, University of Rajshahi | 12/05/2008 | Paragogn Enterprise, Dhaka | 100.00 | 3 | B 891.4409 MAS 2003 | 18/09/2023 | 03/09/2023 | C-3 | Books | ||||
| Dewey Decimal Classification | Non-fiction | Central Library, University of Rajshahi | Central Library, University of Rajshahi | 12/05/2008 | Paragogn Enterprise, Dhaka | 100.00 | 1 | B 891.4409 MAS 2003 | 02/11/2022 | 26/10/2022 | C-4 | Books | ||||
| Dewey Decimal Classification | Non-fiction | Central Library, University of Rajshahi | Central Library, University of Rajshahi | 12/05/2008 | Paragogn Enterprise, Dhaka | 100.00 | 2 | B 891.4409 MAS 2003 | 27/10/2024 | 08/10/2024 | C-5 | Books | ||||
| Dewey Decimal Classification | Not For Loan | Non-fiction | Central Library, University of Rajshahi | Central Library, University of Rajshahi | Reading Room | 12/05/2008 | Paragogn Enterprise, Dhaka | 100.00 | B 891.4409 MAS 2003 | 31/01/2017 | C-1 | Books |